000 00730nam a2200253Ia 4500
003 OSt
005 20221006143739.0
006 a|||||r|||| 00| 0
007 ta
008 221006b |||||||| |||| 00| 0 eng d
020 _c30.00
024 _a9,839
037 _cTextual
040 _aEASL
_cEASL
_beng
041 _2eng
_aeng
082 _aX8(J):275.410m2.N73, L6
100 _aBANDYOPADHYAYA Kalyani
_9129695
245 0 _aAgricultural development in China and India
_b A comparative study
260 _aNew Delhi
_bWiley Eastern
_c1976
300 _a204p.
_ccm.
490 _v CEL
942 _hX8(J):275.410m2.N73, L6
_cTEXL
_2CC
999 _c1077925
_d1077925